01373nam a2200265 i 4500001000700000003000900007005001700016007000300033008004100036100002900077245009400106250026500200260003300465300004800498594016600546650005400712700004200766700003100808700003000839700002700869700003300896852003800929999001900967952012100986113777ES-MaACL20250405234350.0t|061121s1908 fr r ||||1| fre d1 aPaasch, Heinrich.98808210aDictionnaire de marine b: anglais-français-allemand-espagnol-italien / cCapt. Paasch. a4e éd. revisée et completée pour les parties anglaise et française par... Pièrre Challamel, pour la langue allemande par... F.E. Matthiesen &... August Budde... traduction espagnole par... P. Montojo... traduction italienne par Giusseppe Romairone... aParis : bChallamel, c1908. a603, 109, CLXXXV p. : bil ; c23 cm apais. aPrecede al tít.: From keell to truck . De la quille á la pomme du mat . Vom kiel zum flaggenknopp. De quilla a perilla. Dalla chiglia al pomo dell'albero. 4aNavegación-vDiccionarios políglotas.91548481 aMontojo, Patricio, d1839-19179826701 aChallamel, Pierre.91548491 aMatthiesen, F.-E.91548501 aBudde, August.91548511 aRomairone, Giuseppe.91548524 aES-MaACLjG-6083 z- Enc. edit. c113777d113777 00104070aATENEOMbATENEOMcDEPO2d2008-01-17eSCl0oG-6083p1118660r2023-02-23 00:00:00w2023-02-23yMONOGRAFIA